000 01105nam a2200289 i 4500
003 EG-GICUC
005 20260422180043.0
008 260422s1983 mk ||||fr|||| 00| 0 ara d
040 _a EG-GICUC
_bara
_c EG-GICUC
_d EG-GICUC
_erda
041 0 _aara
082 0 4 _221
_a345.456
_bع ب . س
092 0 4 _221
099 _aLaw1 07 345.456 ع ب . س 1983
100 0 _aعبد القادر الشيخلي
_eAuthor.
245 1 2 _aالسياسة السليمة في تأديب العاملين بالدولة /
_cالدكتور عبد القادر الشيخلي .
264 1 _aعمان :
_bدار الفكر للنشر والتوزيع ،
_c1983 .
300 _a136 صفحة ؛
_c24 سم
336 _2rda content
_atext
337 _2rda media
_aComputer
338 _2rda carrier
_aOnline Resource
546 _aالنص باللغة العربية
650 1 4 _aاجراءات وضمانات تأديب العاملين المدنين بالدولة
_2qrmak
651 1 _2qrmak
856 4 0 _uhttps://fll.law.cu.edu.eg/fulltext/bks/B07*01606.pdf
905 _a165
942 _2ddc
_cBK
_e21
_n0
999 _c72855
_d72855